000 00579nam a2200145Ia 4500
008 140724s9999 xx 000 0 und d
050 _aRT 90
_b.C371 2010
100 _aCaubalejo, Zarina.
245 4 _aThe difference of learning outcomes in selected Southville International School and Colleges BS nursing students following uninterrupted and broken-up lectures /
_cZarina Caubalejo.
260 _aLas PiƱas, Philippines :
_bSouthville International School and Colleges,
_cc2010.
300 _a80 p. :
_bill. ;
_c28 cm.
521 _aNursing
942 _cTH
999 _c228704
_d228704